MARC details
| 000 -CABECERA |
| campo de control de longitud fija |
02581cam a22003013i 4500 |
| 001 - NÚMERO DE CONTROL |
| campo de control |
12858487 |
| 005 - FECHA Y HORA DE LA ÚLTIMA TRANSACCIÓN |
| campo de control |
20251029133641.0 |
| 008 - DATOS DE LONGITUD FIJA--INFORMACIÓN GENERAL |
| campo de control de longitud fija |
231004t20232023quc e 000 1 fre d |
| 020 ## - NÚMERO INTERNACIONAL ESTÁNDAR DEL LIBRO |
| Número Internacional Estándar del Libro |
9782925141709 |
| 035 ## - NÚMERO DE CONTROL DEL SISTEMA |
| Número de control de sistema |
(OCoLC)on1395955908 |
| 035 ## - NÚMERO DE CONTROL DEL SISTEMA |
| Número de control de sistema |
(CaBVaU)12858487 |
| 037 ## - FUENTE DE ADQUISICIÓN |
| Número de adquisición |
204025355 |
| Fuente del número de adquisición |
Groupe Archambault |
| 040 ## - FUENTE DE LA CATALOGACIÓN |
| Centro catalogador/agencia de origen |
TOH |
| Lengua de catalogación |
eng |
| Centro/agencia transcriptor |
TOH |
| Normas de descripción |
rda |
| Centro/agencia modificador |
OCLCQ |
| -- |
UBC |
| -- |
UtOrBLW |
| 041 ## - CÓDIGO DE LENGUA |
| Código de lengua del texto/banda sonora o título independiente |
fre |
| 050 #4 - SIGNATURA TOPOGRÁFICA DE LA BIBLIOTECA DEL CONGRESO |
| Número de clasificación |
PS8613.O342 |
| Número de documento/Ítem |
C66 2023 |
| 100 ## - ENTRADA PRINCIPAL--NOMBRE DE PERSONA |
| Nombre de persona |
Godin, Louis-Daniel |
| Término indicativo de función/relación |
author |
| 9 (RLIN) |
26348 |
| 245 13 - MENCIÓN DE TÍTULO |
| Título |
Le compte est bon |
| Mención de responsabilidad, etc. |
/ Louis-Daniel Godin. |
| 260 ## - PUBLICACIÓN, DISTRIBUCIÓN, ETC. |
| Lugar de publicación, distribución, etc. |
Saguenay (Quebec) : |
| Nombre del editor, distribuidor, etc. |
Editions la Peuplade, |
| Fecha de publicación, distribución, etc. |
2023. |
| 300 ## - DESCRIPCIÓN FÍSICA |
| Extensión |
261 pages ; |
| Dimensiones |
19 cm. |
| 520 ## - SUMARIO, ETC. |
| Sumario, etc. |
Children are born in cabbages, you can buy cabbages at the grocery store, you can buy children. The child arrives in his family at the age of five days. At a very young age, love and money tormented him. Do you owe someone a debt when you are adopted? From then on, he continues to obsessively count the losses and gains: a pilfered chocolate, a confiscated twenty-dollar bill, the prize from a game show, gifts to his mother as well as failed acts. But how can you find what you're looking for? How can you count yourself when a gap, a breach, a hole, appears between childhood memories and what really was, between your social environment and your new passions? How can we fill this hole represented by the first five days of life where we were floating between two names? |
| 520 ## - SUMARIO, ETC. |
| Sumario, etc. |
Les enfants naissent dans les choux, on peut acheter des choux à l’épicerie, donc on peut acheter des enfants. L’enfant arrive dans sa famille à l’âge de cinq jours. Très tôt, l’amour et l’argent le tourmentent. Doit-on une dette à quelqu’un lorsqu’on est adopté ? Dès lors, il ne cesse de compter obsessivement les pertes et les gains : un chocolat chapardé, un billet de vingt dollars confisqué, le gain d’un jeu télévisé, les cadeaux offerts à sa mère comme autant d’actes manqués.<br/><br/>Mais comment retrouver ce que l’on cherche ? Comment se compter soi-même lorsqu’un écart, une brèche, un trou s’ouvre entre les souvenirs d’enfance et ce qui a réellement été, entre son milieu social et ses nouvelles passions ? Comment combler ce vide représenté par les cinq premiers jours de la vie, durant lesquels on flottait entre deux noms ? |
| 650 #0 - PUNTO DE ACCESO ADICIONAL DE MATERIA--TÉRMINO DE MATERIA |
| Término de materia o nombre geográfico como elemento de entrada |
Adopted children |
| Subdivisión de forma |
Fiction |
| 9 (RLIN) |
26223 |
| 650 #0 - PUNTO DE ACCESO ADICIONAL DE MATERIA--TÉRMINO DE MATERIA |
| Término de materia o nombre geográfico como elemento de entrada |
Adoptive parents |
| Subdivisión de forma |
Fiction |
| 9 (RLIN) |
26354 |
| 650 #0 - PUNTO DE ACCESO ADICIONAL DE MATERIA--TÉRMINO DE MATERIA |
| Término de materia o nombre geográfico como elemento de entrada |
Identity (Psychology) |
| Subdivisión de forma |
Fiction |
| 9 (RLIN) |
23963 |
| 650 #0 - PUNTO DE ACCESO ADICIONAL DE MATERIA--TÉRMINO DE MATERIA |
| Término de materia o nombre geográfico como elemento de entrada |
Memory |
| Subdivisión de forma |
Fiction |
| 9 (RLIN) |
10588 |
| 651 #0 - PUNTO DE ACCESO ADICIONAL DE MATERIA--NOMBRE GEOGRÁFICO |
| Nombre geográfico |
Québec (Province) |
| Subdivisión de forma |
Fiction |
| 9 (RLIN) |
26355 |
| 942 ## - ELEMENTOS DE ENTRADA AGREGADA (KOHA) |
| Fuente del sistema de clasificación o colocación |
Clasificación de Library of Congress |